[Event "Titled Tuesday intern op 18th Apr Early"]
[Site "Chess.com INT"]
[Date "2023.04.18"]
[Round "1"]
[White "Bilan, Danila"]
[Black "De Andrade, Dalson Holanda Cav"]
[Result "1-0"]
[WhiteElo "2303"]
[BlackElo "1866"]
[PlyCount "117"]
[EventDate "2023.04.18"]
[EventType "swiss (blitz)"]
[EventRounds "11"]
[EventCountry "USA"]
[SourceTitle "EXT 2024"]
[Source "ChessBase"]
[SourceDate "2023.10.10"]
[SourceVersion "1"]
[SourceVersionDate "2023.10.10"]
[SourceQuality "1"]

1. d4 d5 2. Nf3 c6 3. c4 Nf6 4. Nc3 e6 5. cxd5 exd5 6. Bg5 Be7 7. e3 Nbd7 8. Bd3 0-0 9. Qc2 Re8 10. 0-0 h6 11. Bh4 Ne4 12. Bxe7 Qxe7 13. Bxe4 dxe4 14. Nd2 Nf6 15. Nc4 Ng4 16. h3 Nf6 17. Ne5 Nd7 18. Qxe4 Nxe5 19. dxe5 Qxe5 20. Qxe5 Rxe5 21. Rad1 Be6 22. Rd6 Re8 23. Rfd1 Re7 24. e4 Rc5 25. f4 f6 26. Kf2 b5 27. a3 a5 28. R1d2 b4 29. axb4 axb4 30. Ne2 b3 31. Nd4 Bf7 32. Kf3 Bh5+ 33. g4 Bf7 34. Rxc6 Rxc6 35. Nxc6 Rc7 36. Nd4 Rc4 37. e5 fxe5 38. fxe5 Bd5+ 39. Ke3 Kf7 40. Nf5 Rc2 41. Rxd5 Rxb2 42. Rb5 Rb1 43. Nd6+ Ke6 44. Nc4 Rh1 45. Ke4 Rxh3 46. Ne3 Rh4 47. Rb6+ Kf7 48. Rxb3 h5 49. Kf4 hxg4 50. Nxg4 Rh1 51. Rb7+ Kg6 52. Rb6+ Kf7 53. Kg5 Rg1 54. Kf5 Rf1+ 55. Ke4 Re1+ 56. Ne3 Re2 57. Kd4 g5 58. Rf6+ Kg7 59. Nf5+ 1-0

[Event "Titled Tuesday intern op 18th Apr Early"]
[Site "Chess.com INT"]
[Date "2023.04.18"]
[Round "6"]
[White "De Andrade, Dalson Holanda Cav"]
[Black "Prado, Alexandra"]
[Result "1-0"]
[WhiteElo "1866"]
[BlackElo "1859"]
[PlyCount "113"]
[EventDate "2023.04.18"]
[EventType "swiss (blitz)"]
[EventRounds "11"]
[EventCountry "USA"]
[SourceTitle "EXT 2024"]
[Source "ChessBase"]
[SourceDate "2023.10.10"]
[SourceVersion "1"]
[SourceVersionDate "2023.10.10"]
[SourceQuality "1"]

1. d4 Nf6 2. c4 g6 3. Nc3 Bg7 4. e4 0-0 5. f3 d6 6. Be3 Nc6 7. Qd2 a6 8. Bd3 e5 9. Nge2 exd4 10. Nxd4 Re8 11. 0-0 Rb8 12. Rfd1 Ne5 13. Nd5 Nxd5 14. cxd5 Nxd3 15. Qxd3 Bd7 16. Rac1 Rc8 17. Qb3 b5 18. Nc6 Bxc6 19. Rxc6 Qf6 20. Bd4 Qf4 21. Bxg7 Kxg7 22. Rdc1 Re7 23. g3 Qg5 24. Qc3+ f6 25. Kf2 h5 26. Qe3 Qe5 27. Qc3 Qg5 28. Rc2 h4 29. Qd2 hxg3+ 30. hxg3 Qh5 31. Ke3 Qh6+ 32. Kd3 Qh5 33. Qg2 Qe5 34. f4 Qh5 35. Qe2 f5 36. Qxh5 fxe4+ 37. Kd4 gxh5 38. Rxd6 cxd6 39. Rxc8 e3 40. Rc1 e2 41. Re1 Kf6 42. Kd3 Kf5 43. Rxe2 Rxe2 44. Kxe2 Kg4 45. Ke3 a5 46. b3 b4 47. Kf2 Kf5 48. Kf3 Kf6 49. g4 hxg4+ 50. Kxg4 Kg6 51. f5+ Kf6 52. Kf4 Kf7 53. Kg5 Kg7 54. f6+ Kf7 55. Kf5 Ke8 56. Ke6 Kf8 57. Kxd6 1-0

[Event "Titled Tuesday intern op 18th Apr Early"]
[Site "Chess.com INT"]
[Date "2023.04.18"]
[Round "5"]
[White "Kula, Robert"]
[Black "De Andrade, Dalson Holanda Cav"]
[Result "1-0"]
[WhiteElo "2284"]
[BlackElo "1866"]
[PlyCount "91"]
[EventDate "2023.04.18"]
[EventType "swiss (blitz)"]
[EventRounds "11"]
[EventCountry "USA"]
[SourceTitle "EXT 2024"]
[Source "ChessBase"]
[SourceDate "2023.10.10"]
[SourceVersion "1"]
[SourceVersionDate "2023.10.10"]
[SourceQuality "1"]

1. d4 d5 2. c4 c6 3. Nc3 Nf6 4. Nf3 e6 5. e3 Nbd7 6. Bd3 Be7 7. 0-0 0-0 8. a3 a6 9. c5 Re8 10. b4 Bf8 11. Qc2 e5 12. dxe5 Nxe5 13. Nxe5 Rxe5 14. Bb2 h6 15. Na4 Rh5 16. Be2 Bg4 17. f3 Bf5 18. Qc3 Qc7 19. g3 Nh7 20. Rf2 Rg5 21. f4 Rg6 22. Rd1 Re6 23. Qb3 Rae8 24. Bd4 Nf6 25. Bf3 Ne4 26. Bxe4 Bxe4 27. Qb2 Rg6 28. Nc3 Qd7 29. Be5 Qh3 30. Nxe4 dxe4 31. Rg2 h5 32. Qe2 h4 33. g4 Rge6 34. Bd4 f6 35. Qf2 Be7 36. f5 Re5 37. Bxe5 fxe5 38. Rd7 Bf6 39. Qd2 a5 40. Qf2 Bg5 41. Qa2+ Kh8 42. Qf7 Bxe3+ 43. Kh1 Rg8 44. Qh5+ Bh6 45. f6 Rf8 46. fxg7+ 1-0

[Event "Titled Tuesday intern op 18th Apr Early"]
[Site "Chess.com INT"]
[Date "2023.04.18"]
[Round "4"]
[White "Rosenberg, Evan"]
[Black "De Andrade, Dalson Holanda Cav"]
[Result "0-1"]
[WhiteElo "1956"]
[BlackElo "1866"]
[PlyCount "84"]
[EventDate "2023.04.18"]
[EventType "swiss (blitz)"]
[EventRounds "11"]
[EventCountry "USA"]
[SourceTitle "EXT 2024"]
[Source "ChessBase"]
[SourceDate "2023.10.10"]
[SourceVersion "1"]
[SourceVersionDate "2023.10.10"]
[SourceQuality "1"]

1. d4 d5 2. Nf3 c6 3. c3 Nf6 4. Qc2 Nbd7 5. Bg5 e6 6. Nbd2 Be7 7. e4 dxe4 8. Nxe4 Nxe4 9. Bxe7 Qxe7 10. Qxe4 0-0 11. Bd3 g6 12. h4 Re8 13. h5 e5 14. hxg6 hxg6 15. 0-0-0 exd4 16. Qxd4 Qf6 17. Qb4 Ne5 18. Nxe5 Qxe5 19. Qh4 Be6 20. Qh7+ Kf8 21. Rde1 Qg7 22. Qh4 a5 23. Kb1 a4 24. Qb4+ Kg8 25. Bc4 Bxc4 26. Qxc4 a3 27. b3 Qf6 28. f3 Rad8 29. Rxe8+ Rxe8 30. Rd1 Qf5+ 31. Qd3 Re2 32. Qxf5 gxf5 33. Rd8+ Kg7 34. Ra8 Rb2+ 35. Ka1 Rxg2 36. Rxa3 Rf2 37. Ra7 b5 38. Rc7 Rxf3 39. Rxc6 Rd3 40. Rc5 f4 41. Rxb5 Kf6 42. Rb4 Kf5 0-1

[Event "BRA-ch U2300 Amateurs"]
[Site "Sao Paulo"]
[Date "2022.06.18"]
[Round "6"]
[White "De Andrade, Dalson Holanda Cav"]
[Black "Martins de Aguiar, Marina"]
[Result "1-0"]
[WhiteElo "1939"]
[BlackElo "1820"]
[PlyCount "77"]
[EventDate "2022.06.16"]
[EventType "swiss"]
[EventRounds "7"]
[EventCountry "BRA"]
[SourceTitle "CBM 208 Extra"]
[Source "ChessBase"]
[SourceDate "2022.07.31"]
[SourceVersion "1"]
[SourceVersionDate "2022.07.31"]
[SourceQuality "1"]

1. d4 Nf6 2. c4 g6 3. Nc3 Bg7 4. e4 d6 5. f3 0-0 6. Be3 c6 7. Qd2 a6 8. Bh6 b5 9. h4 bxc4 10. h5 e5 11. hxg6 fxg6 12. Bxg7 Kxg7 13. Qh6+ Kf7 14. 0-0-0 Qe7 15. Bxc4+ Ke8 16. dxe5 dxe5 17. Nh3 Bxh3 18. Rxh3 Nbd7 19. Qd2 Nb6 20. Be2 a5 21. Rhh1 Rd8 22. Qe3 Rxd1+ 23. Bxd1 Nc4 24. Qd3 Qb4 25. Bb3 Nb6 26. Rd1 Ke7 27. Qa6 Qc5 28. Kb1 Nfd7 29. Na4 Qb5 30. Qb7 Rd8 31. Nxb6 Ke8 32. Rxd7 Qf1+ 33. Bd1 Rxd7 34. Qxd7+ Kf8 35. Qd6+ Kf7 36. Nd7 g5 37. Nxe5+ Kg7 38. Qe7+ Kh8 39. Qf8# 1-0

[Event "BRA-ch U2300 Amateurs"]
[Site "Sao Paulo"]
[Date "2022.06.17"]
[Round "4"]
[White "De Andrade, Dalson Holanda Cav"]
[Black "Alves, Danilo Vieira"]
[Result "1-0"]
[WhiteElo "1939"]
[BlackElo "1729"]
[PlyCount "51"]
[EventDate "2022.06.16"]
[EventType "swiss"]
[EventRounds "7"]
[EventCountry "BRA"]
[SourceTitle "CBM 208 Extra"]
[Source "ChessBase"]
[SourceDate "2022.07.31"]
[SourceVersion "1"]
[SourceVersionDate "2022.07.31"]
[SourceQuality "1"]

1. d4 d5 2. c4 c6 3. Nc3 Nf6 4. Nf3 e6 5. cxd5 exd5 6. Bg5 h6 7. Bh4 Bf5 8. e3 Bd6 9. Bd3 Bxd3 10. Qxd3 0-0 11. Ne5 Re8 12. f4 Na6 13. 0-0 Be7 14. Rae1 Qd6 15. Qf5 Nc7 16. Rf3 Qe6 17. Qd3 Ne4 18. f5 Qd6 19. Nxe4 dxe4 20. Qxe4 Bxh4 21. Qxh4 Nd5 22. Rg3 Re7 23. Ng4 Kh7 24. Rh3 Nf4 25. Rf3 Rae8 26. Rxf4 1-0

[Event "Joao Pessoa Fischer Memorial 11th"]
[Site "Joao Pessoa"]
[Date "2022.05.08"]
[Round "5"]
[White "Dias, Joao Paulo Morais M"]
[Black "De Andrade, Dalson Holanda Cav"]
[Result "1/2-1/2"]
[WhiteElo "1755"]
[BlackElo "1935"]
[PlyCount "76"]
[EventDate "2022.05.06"]
[EventType "swiss"]
[EventRounds "6"]
[EventCountry "BRA"]
[SourceTitle "EXT 2023"]
[Source "ChessBase"]
[SourceDate "2022.10.05"]
[SourceVersion "1"]
[SourceVersionDate "2022.10.05"]
[SourceQuality "1"]

1. d4 d5 2. Bf4 Nf6 3. c4 e6 4. Nc3 c6 5. e3 Bd6 6. Bg3 Qe7 7. c5 Bxg3 8. hxg3 e5 9. Nf3 exd4 10. Qxd4 Nbd7 11. b4 a5 12. b5 Qxc5 13. Qxc5 Nxc5 14. bxc6 bxc6 15. Ne5 Bd7 16. Rc1 Rc8 17. Ne2 Ne6 18. g4 Ne4 19. f3 Nd6 20. Nc3 Rb8 21. Na4 Rb4 22. Nc5 Nxc5 23. Rxc5 Rb1+ 24. Kf2 Rb2+ 25. Kg3 Nb7 26. Rc3 Rxa2 27. Nxc6 Bxc6 28. Rxc6 0-0 29. Bd3 g6 30. Rb1 Ra3 31. Ba6 Nd8 32. Rd6 Rxe3 33. Rxd5 Ne6 34. Rxa5 Ra8 35. Rba1 h6 36. Bc4 Rxa5 37. Rxa5 Ng5 38. Ra7 Kf8 1/2-1/2

[Event "BRA-ch 87th"]
[Site "Cuiaba"]
[Date "2021.10.28"]
[Round "1"]
[White "De Andrade, Dalson Holanda Cav"]
[Black "Naief Moreira, Cleber"]
[Result "1/2-1/2"]
[WhiteElo "2000"]
[BlackElo "1852"]
[PlyCount "82"]
[EventDate "2021.10.28"]
[EventType "swiss"]
[EventRounds "11"]
[EventCountry "BRA"]
[SourceTitle "CBM 205 Extra"]
[Source "ChessBase"]
[SourceDate "2022.01.31"]
[SourceVersion "1"]
[SourceVersionDate "2022.01.31"]
[SourceQuality "1"]

1. d4 Nf6 2. c4 g6 3. Nc3 Bg7 4. e4 d6 5. f3 0-0 6. Be3 b6 7. Qd2 c5 8. d5 a6 9. Bd3 e6 10. Nge2 exd5 11. exd5 Nbd7 12. 0-0 Ne5 13. Rae1 Nfd7 14. b3 Nxd3 15. Qxd3 Ne5 16. Qd2 Re8 17. Ne4 b5 18. cxb5 axb5 19. N2g3 b4 20. Bh6 Ba6 21. Bxg7 Kxg7 22. Qb2 Bxf1 23. Rxf1 f5 24. Nf2 Qf6 25. Qd2 Re7 26. Nh3 Rea7 27. Nf4 Kg8 28. Ne6 Rxa2 29. Qh6 Nf7 30. Qh3 Ng5 31. Nxg5 Qxg5 32. f4 Qf6 33. Qh6 Qd4+ 34. Kh1 Qxd5 35. Rf3 Rxg2 36. Kxg2 Ra2+ 37. Ne2 Rxe2+ 38. Kg3 Qd4 39. Kh3 Qg1 40. Rf2 Qxf2 41. Qg7+ Kxg7 1/2-1/2

[Event "Recife op 4th"]
[Site "Recife"]
[Date "2017.04.21"]
[Round "2"]
[White "De Andrade, Dalson Holanda Cav"]
[Black "Dos Santos, Wallefy Perycles Al"]
[Result "1-0"]
[WhiteElo "2060"]
[BlackElo "1384"]
[PlyCount "37"]
[EventDate "2017.04.20"]
[EventType "swiss"]
[EventRounds "6"]
[EventCountry "BRA"]
[SourceTitle "EXT 2018"]
[Source "ChessBase"]
[SourceDate "2017.10.13"]
[SourceVersion "1"]
[SourceVersionDate "2017.10.13"]
[SourceQuality "1"]

1. d4 d5 2. Nf3 c5 3. c3 Qa5 4. Nbd2 Nf6 5. Nb3 Qa4 6. dxc5 e6 7. Qd4 Bd7 8. e3 Bb5 9. Qb4 Qxb4 10. cxb4 Bxf1 11. Rxf1 Nc6 12. a3 a5 13. Nfd4 axb4 14. Nxc6 bxc6 15. axb4 Rb8 16. Ra4 Be7 17. f3 0-0 18. Bd2 Bxc5 19. Nxc5 1-0

[Event "Joao Pessoa Fischer Memorial 7th"]
[Site "Joao Pessoa"]
[Date "2016.03.13"]
[Round "6"]
[White "De Andrade, Dalson Holanda Cav"]
[Black "Souza, Rafael Cabral de"]
[Result "1/2-1/2"]
[WhiteElo "2008"]
[BlackElo "2171"]
[PlyCount "61"]
[EventDate "2016.03.11"]
[EventType "swiss"]
[EventRounds "6"]
[EventCountry "BRA"]
[SourceTitle "CBM 171 Extra"]
[Source "ChessBase"]
[SourceDate "2016.04.26"]
[SourceVersion "1"]
[SourceVersionDate "2016.04.26"]
[SourceQuality "1"]

1. d4 Nf6 2. Nf3 g6 3. g3 Bg7 4. Bg2 c5 5. c3 cxd4 6. cxd4 0-0 7. 0-0 d5 8. Nc3 Nc6 9. Re1 Ne4 10. Bf4 Nxd4 11. Nxd4 e5 12. Be3 Nxc3 13. bxc3 exd4 14. Bxd4 Be6 15. Bxg7 Kxg7 16. Qd4+ Kg8 17. Red1 Qa5 18. Bxd5 Bxd5 19. Qxd5 Qxc3 20. Qxb7 a5 21. Qb3 Qe5 22. e3 Qf6 23. Rac1 Rab8 24. Qc3 Qe6 25. Qxa5 Ra8 26. Qd5 Qxd5 27. Rxd5 Rxa2 28. Rd7 Ra6 29. Rcc7 Rf6 30. Re7 Ra8 31. Ra7 1/2-1/2

[Event "Joao Pessoa Fischer Memorial 7th"]
[Site "Joao Pessoa"]
[Date "2016.03.11"]
[Round "1"]
[White "Born, Ary"]
[Black "De Andrade, Dalson Holanda Cav"]
[Result "0-1"]
[WhiteElo "1441"]
[BlackElo "2008"]
[PlyCount "78"]
[EventDate "2016.03.11"]
[EventType "swiss"]
[EventRounds "6"]
[EventCountry "BRA"]
[SourceTitle "CBM 171 Extra"]
[Source "ChessBase"]
[SourceDate "2016.04.26"]
[SourceVersion "1"]
[SourceVersionDate "2016.04.26"]
[SourceQuality "1"]

1. e4 c5 2. Nf3 Nc6 3. Bc4 e6 4. c3 a6 5. d4 d5 6. exd5 exd5 7. Bb3 Nf6 8. Bg5 cxd4 9. Nxd4 Be7 10. Na3 0-0 11. Nac2 Na5 12. Ne3 Nxb3 13. Qxb3 Ng4 14. Bxe7 Qxe7 15. Qc2 Nxe3 16. fxe3 Qxe3+ 17. Qe2 Qxe2+ 18. Kxe2 Bg4+ 19. Kd3 Rfe8 20. h3 Bh5 21. Rae1 Bg6+ 22. Kd2 Be4 23. Rhg1 b5 24. g4 Rab8 25. b4 Rec8 26. Nf5 Bxf5 27. gxf5 Rc4 28. Rg4 Rd8 29. Re7 d4 30. cxd4 Rxb4 31. Kc3 Rc4+ 32. Kd3 Kf8 33. Ra7 Ra4 34. Rh4 h6 35. Re4 Re8 36. h4 Ra3+ 37. Kc2 Rxe4 38. Ra8+ Re8 39. Rxe8+ Kxe8 0-1

[Event "Petrolina Brasil de Petrolina op"]
[Site "Petrolina"]
[Date "2015.08.28"]
[Round "2.1"]
[White "De Andrade, Dalson Holanda Cav"]
[Black "Santiago, Yago de Moura"]
[Result "0-1"]
[WhiteElo "2001"]
[BlackElo "2402"]
[PlyCount "48"]
[EventDate "2015.08.28"]
[EventType "swiss"]
[EventRounds "5"]
[EventCountry "BRA"]
[SourceTitle "EXT 2022"]
[Source "ChessBase"]
[SourceDate "2021.10.06"]
[SourceVersion "1"]
[SourceVersionDate "2021.10.06"]
[SourceQuality "1"]

1. d4 g6 2. Nf3 Bg7 3. g3 d6 4. Bg2 Nf6 5. c4 0-0 6. 0-0 Nc6 7. Nc3 Bf5 8. Nh4 Bd7 9. e3 Qc8 10. Re1 Bh3 11. Bh1 e5 12. Ne2 e4 13. Bd2 g5 14. Ng2 Bg4 15. Rf1 Bxe2 16. Qxe2 Qh3 17. f3 exf3 18. Rxf3 Ng4 19. Ne1 Nxd4 20. exd4 Bxd4+ 21. Be3 Nxe3 22. Rxe3 Rfe8 23. Nc2 Rxe3 24. Nxe3 Re8 0-1

[Event "Recife Arraes Memorial 8th"]
[Site "Recife"]
[Date "2015.05.01"]
[Round "1"]
[White "Campos, Antonio de Siqueira"]
[Black "De Andrade, Dalson Holanda Cav"]
[Result "1/2-1/2"]
[WhiteElo "1804"]
[BlackElo "1990"]
[PlyCount "57"]
[EventDate "2015.05.01"]
[EventType "swiss"]
[EventRounds "6"]
[EventCountry "BRA"]
[SourceTitle "EXT 2016"]
[Source "ChessBase"]
[SourceDate "2015.10.08"]
[SourceVersion "1"]
[SourceVersionDate "2015.10.08"]
[SourceQuality "1"]

1. e4 c5 2. Nf3 Nc6 3. d4 cxd4 4. Nxd4 e6 5. Nc3 Qc7 6. f4 a6 7. e5 f6 8. exf6 Nxf6 9. Nxc6 Qxc6 10. Qe2 Bc5 11. Bd2 0-0 12. 0-0-0 b5 13. Be3 Bb7 14. Bxc5 Qxc5 15. h4 Rac8 16. Rh3 b4 17. Na4 Qa5 18. b3 Be4 19. Rd2 Bf5 20. Re3 Nd5 21. Re5 Qc7 22. Qc4 Nxf4 23. Rc5 Qb8 24. Rxd7 Rxc5 25. Nxc5 Qe5 26. Qd4 Qe1+ 27. Kb2 e5 28. Bc4+ Kh8 29. Qd2 1/2-1/2

[Event "Joao Pessoa op 6th"]
[Site "Joao Pessoa"]
[Date "2015.03.15"]
[Round "5"]
[White "Macedo, Maximo Iack Miranda"]
[Black "De Andrade, Dalson Holanda Cav"]
[Result "1-0"]
[WhiteElo "2322"]
[BlackElo "1987"]
[PlyCount "55"]
[EventDate "2015.03.13"]
[EventType "swiss"]
[EventRounds "6"]
[EventCountry "BRA"]
[SourceTitle "CBM 165 Extra"]
[Source "ChessBase"]
[SourceDate "2015.04.21"]
[SourceVersion "1"]
[SourceVersionDate "2015.04.21"]
[SourceQuality "1"]

1. c4 c5 2. Nf3 Nc6 3. d4 cxd4 4. Nxd4 Nf6 5. Nc3 e6 6. g3 Qc7 7. Bg2 a6 8. 0-0 Be7 9. b3 0-0 10. Bb2 d6 11. Rc1 Nxd4 12. Qxd4 Rb8 13. Rfd1 Rd8 14. h3 b6 15. Kh2 Bb7 16. e4 Ne8 17. Qe3 h5 18. f4 h4 19. gxh4 Bxh4 20. Ne2 Rd7 21. Bf3 Be7 22. Rg1 Bf8 23. Ng3 Qd8 24. Nh5 d5 25. exd5 exd5 26. Rg4 d4 27. Qxe8 Bxf3 28. Qxd8 1-0